[Event "Hampshire Open"]
[Site "Eastleigh"]
[Date "2014.11.09"]
[Round "5"]
[White "Grieve, Harry"]
[Black "Brown, Rowan M"]
[Result "1/2-1/2"]
[WhiteElo "1992"]
[BlackElo "2352"]
[PlyCount "121"]
[EventDate "2014.11.07"]
[EventType "swiss"]
[EventRounds "6"]
[EventCountry "ENG"]
[SourceTitle "BritBase"]
[Source "John Saunders"]
[SourceDate "2015.01.01"]
[SourceVersion "1"]
[SourceVersionDate "2015.01.01"]
[SourceQuality "1"]

1. e4 d6 2. d4 Nf6 3. Nc3 g6 4. Be2 Bg7 5. Be3 O-O 6. Qd2 e5 7. dxe5 dxe5 8. O-O-O Qxd2+ 9. Rxd2 c6 10. Nf3 Re8 11. h3 b5 12. a3 a5 13. Rhd1 Nbd7 14. g4 b4 15. Na4 bxa3 16. bxa3 h6 17. Nh4 Rb8 18. Bc4 Bf8 19. c3 Bxa3+ 20. Kc2 Kg7 21. f3 Nf8 22. Bc5 Bxc5 23. Nxc5 Ne6 24. Nxe6+ Bxe6 25. Bxe6 Rxe6 26. Rd8 Re8 27. Rxe8 Nxe8 28. Ra1 Ra8 29. Ng2 Kf6 30. h4 Ke6 31. Ne3 Nd6 32. Kd3 f5 33. gxf5+ gxf5 34. Nxf5 Nxf5 35. exf5+ Kxf5 36. Ra4 h5 37. Ke3 Ke6 38. Ke4 Rf8 39. Ke3 Rf4 40. Rxa5 Rxh4 41. Ra8 Rh1 42. Rh8 Kd5 43. c4+ Kxc4 44. Ke4 Re1+ 45. Kf5 Re3 46. Rxh5 Rxf3+ 47. Kxe5 Rd3 48. Ke4 Rd7 49. Ke3 c5 50. Rg5 Kb4 51. Ke2 c4 52. Rg3 c3 53. Rg8 Kb3 54. Rb8+ Kc2 55. Rb6 Re7+ 56. Kf2 Re4 57. Kf3 Re1 58. Rc6 Rb1 59. Ke2 Rb4 60. Rc8 Kb3 61. Kd3 1/2-1/2

[Event "Hampshire Open"]
[Site "Eastleigh"]
[Date "2014.11.09"]
[Round "5"]
[White "Gill, Oliver"]
[Black "Lock, Gavin R"]
[Result "0-1"]
[WhiteElo "2152"]
[BlackElo "2232"]
[PlyCount "72"]
[EventDate "2014.11.07"]
[EventType "swiss"]
[EventRounds "6"]
[EventCountry "ENG"]
[SourceTitle "BritBase"]
[Source "John Saunders"]
[SourceDate "2015.01.01"]
[SourceVersion "1"]
[SourceVersionDate "2015.01.01"]
[SourceQuality "1"]

1. e4 e6 2. d4 d5 3. Bd3 dxe4 4. Bxe4 Nf6 5. Bf3 c5 6. Ne2 Nc6 7. Be3 cxd4 8. Nxd4 Ne5 9. O-O Qc7 10. Nc3 a6 11. Bf4 Bd7 12. Bxe5 Qxe5 13. Bxb7 Rb8 14. Nc6 Qc7 15. Nxb8 Qxb7 16. Nxd7 Nxd7 17. Qd4 Be7 18. Rfd1 Nf6 19. Qa4+ Kf8 20. Qb3 Qc7 21. Rd4 g5 22. Rc4 Qe5 23. Rc8+ Kg7 24. Rxh8 Kxh8 25. Qb7 Bc5 26. g3 Kg7 27. Qf3 h5 28. Qe2 Qf5 29. Re1 h4 30. Nd1 hxg3 31. hxg3 Ng4 32. Ne3 Bxe3 33. fxe3 Ne5 34. Rf1 Qe4 35. Qf2 f5 36. Kh2 Ng4+ 0-1

[Event "Hampshire Open"]
[Site "Eastleigh"]
[Date "2014.11.09"]
[Round "5"]
[White "Tunks, Dominic R"]
[Black "Pye, David E"]
[Result "0-1"]
[WhiteElo "2176"]
[BlackElo "2072"]
[PlyCount "78"]
[EventDate "2014.11.07"]
[EventType "swiss"]
[EventRounds "6"]
[EventCountry "ENG"]
[SourceTitle "BritBase"]
[Source "John Saunders"]
[SourceDate "2015.01.01"]
[SourceVersion "1"]
[SourceVersionDate "2015.01.01"]
[SourceQuality "1"]

1. e4 e6 2. d3 d5 3. Nd2 Nf6 4. Ngf3 Nc6 5. c3 dxe4 6. dxe4 Bc5 7. b4 Bb6 8. Be2 a6 9. O-O O-O 10. Qc2 Ba7 11. Nc4 b5 12. Ne3 Bb7 13. Rd1 Qe7 14. e5 Nd7 15. Ng4 f5 16. exf6 Nxf6 17. Nxf6+ gxf6 18. a4 Qg7 19. Qe4 Nd4 20. Qxb7 Nxe2+ 21. Kf1 Nxc3 22. Rd3 Nd5 23. Qxa6 Nxb4 24. Qxe6+ Qf7 25. Qg4+ Qg6 26. Qxg6+ hxg6 27. Rd7 Bb6 28. Bb2 bxa4 29. Ng5 Nd3 30. Bc3 Ne5 31. Re7 fxg5 32. Bxe5 Rxf2+ 33. Ke1 Rxg2 34. Ra3 g4 35. Rd3 Ba5+ 36. Kd1 Rb8 37. Kc1 Rg1+ 38. Kc2 Rg2+ 39. Kc1 Bb4 {(0-1, Time)} 0-1

[Event "Hampshire Open"]
[Site "Eastleigh"]
[Date "2014.11.09"]
[Round "5"]
[White "Smith, Stephen J"]
[Black "Fowler, David"]
[Result "0-1"]
[WhiteElo "1880"]
[BlackElo "1984"]
[PlyCount "76"]
[EventDate "2014.11.07"]
[EventType "swiss"]
[EventRounds "6"]
[EventCountry "ENG"]
[SourceTitle "BritBase"]
[Source "John Saunders"]
[SourceDate "2015.01.01"]
[SourceVersion "1"]
[SourceVersionDate "2015.01.01"]
[SourceQuality "1"]

1. d4 d5 2. e3 Nf6 3. Bd3 g6 4. Nd2 Bf5 5. Bxf5 gxf5 6. c4 c6 7. Ngf3 Nbd7 8. Qb3 Qb6 9. Qxb6 axb6 10. O-O e6 11. cxd5 cxd5 12. Nb3 Bd6 13. Bd2 Ke7 14. Rfc1 Ra4 15. g3 Ne4 16. a3 Rc4 17. Rxc4 dxc4 18. Nc1 Ra8 19. Ne2 Ndf6 20. Be1 Nd5 21. Rc1 b5 22. Nc3 Nexc3 23. Bxc3 Ra4 24. Nd2 Bxa3 25. bxa3 Rxa3 26. Nb1 Rb3 27. Be1 Kd6 28. Kf1 Rb2 29. Nc3 Nxc3 30. Bxc3 Rb3 31. Be1 Kd5 32. Ke2 b4 33. Rc2 b5 34. f3 Rb1 35. Kd2 c3+ 36. Ke2 Kc4 37. h4 Kb3 38. Kd3 Rxe1 0-1

[Event "Hampshire Open"]
[Site "Eastleigh"]
[Date "2014.11.09"]
[Round "5"]
[White "Davies, Peter"]
[Black "Willett, Greg Murray"]
[Result "1-0"]
[WhiteElo "2024"]
[BlackElo "1720"]
[PlyCount "93"]
[EventDate "2014.11.07"]
[EventType "swiss"]
[EventRounds "6"]
[EventCountry "ENG"]
[SourceTitle "BritBase"]
[Source "John Saunders"]
[SourceDate "2015.01.01"]
[SourceVersion "1"]
[SourceVersionDate "2015.01.01"]
[SourceQuality "1"]

1. d4 g6 2. e4 Bg7 3. Nf3 d6 4. Be2 a6 5. a4 Nd7 6. O-O c5 7. Nc3 cxd4 8. Nxd4 Ngf6 9. Be3 Nc5 10. f3 e5 11. Nb3 Ne6 12. Qd2 O-O 13. Rad1 Ne8 14. Nd5 Bd7 15. Bb6 Qh4 16. g3 Qh3 17. a5 Kh8 18. Be3 f5 19. exf5 gxf5 20. f4 Bc6 21. Bf3 Rd8 22. Qe2 Bb5 23. c4 Ba4 24. Bg2 Qh6 25. Ra1 Bxb3 26. fxe5 f4 27. Nxf4 Bxe5 28. Nd5 Rxf1+ 29. Rxf1 Bxc4 30. Qxc4 Qg7 31. b3 Nd4 32. Kh1 Nc6 33. Nf4 Nc7 34. Bb6 Rg8 35. Bxc7 Bxf4 36. Qxf4 Qxc7 37. Qf6+ Qg7 38. Bxc6 Qxf6 39. Rxf6 bxc6 40. Rxd6 Rg6 41. Rxg6 hxg6 42. Kg2 Kg7 43. Kf3 Kf6 44. h4 Ke6 45. Ke4 c5 46. g4 Kf6 47. Kd5 1-0

[Event "Hampshire Open"]
[Site "Eastleigh"]
[Date "2014.11.09"]
[Round "6"]
[White "Brown, Rowan M"]
[Black "Corkett, Anthony R"]
[Result "1/2-1/2"]
[WhiteElo "2352"]
[BlackElo "2224"]
[PlyCount "26"]
[EventDate "2014.11.07"]
[EventType "swiss"]
[EventRounds "6"]
[EventCountry "ENG"]
[SourceTitle "BritBase"]
[Source "John Saunders"]
[SourceDate "2015.01.01"]
[SourceVersion "1"]
[SourceVersionDate "2015.01.01"]
[SourceQuality "1"]

1. e4 c5 2. Nc3 Nc6 3. Bb5 Nd4 4. Bc4 e6 5. Nge2 a6 6. d3 b5 7. Bb3 Nxb3 8. axb3 Bb7 9. O-O Be7 10. f4 d5 11. Ng3 d4 12. Nce2 Nf6 13. Kh1 h5 1/2-1/2

[Event "Hampshire Open"]
[Site "Eastleigh"]
[Date "2014.11.09"]
[Round "6"]
[White "Lock, Gavin R"]
[Black "Pafura, Godfrey"]
[Result "1-0"]
[WhiteElo "2232"]
[BlackElo "2128"]
[PlyCount "109"]
[EventDate "2014.11.07"]
[EventType "swiss"]
[EventRounds "6"]
[EventCountry "ENG"]
[SourceTitle "BritBase"]
[Source "John Saunders"]
[SourceDate "2015.01.01"]
[SourceVersion "1"]
[SourceVersionDate "2015.01.01"]
[SourceQuality "1"]

1. d4 Nf6 2. Bg5 Ne4 3. Bf4 d5 4. e3 c6 5. Bd3 Nf6 6. Nd2 Nbd7 7. c3 e6 8. Ngf3 Be7 9. Ne5 Nf8 10. O-O Ng6 11. Bg3 Bd6 12. e4 dxe4 13. Nxe4 Nxe4 14. Bxe4 f5 15. Bc2 Bxe5 16. dxe5 Qb6 17. Qd4 Qxd4 18. cxd4 O-O 19. f4 Bd7 20. Be1 b6 21. Bb4 Rfc8 22. Ba4 Be8 23. Rac1 Nh8 24. h3 Nf7 25. Kf2 Rd8 26. Bc3 Nh6 27. Bb3 Bf7 28. Ke3 Rd7 29. Bb4 a5 30. Bd6 a4 31. Bd1 Be8 32. Bf3 Rxd6 33. exd6 Rc8 34. Rc3 Nf7 35. Rfc1 Nxd6 36. Bxc6 b5 37. Bxe8 Rxe8 38. b3 axb3 39. axb3 Kf7 40. Rc6 Rd8 41. Ra1 Rd7 42. Rac1 Ne8 43. R1c5 Rb7 44. d5 exd5 45. Rxd5 g6 46. Rdc5 Ke7 47. Re5+ Kf7 48. b4 Nc7 49. g4 fxg4 50. hxg4 Ra7 51. f5 gxf5 52. gxf5 Rb7 53. Kf4 Ne8 54. Kg5 Ng7 55. Rec5 1-0

[Event "Hampshire Open"]
[Site "Eastleigh"]
[Date "2014.11.09"]
[Round "6"]
[White "Pye, David E"]
[Black "Grieve, Harry"]
[Result "1-0"]
[WhiteElo "2072"]
[BlackElo "1992"]
[PlyCount "45"]
[EventDate "2014.11.07"]
[EventType "swiss"]
[EventRounds "6"]
[EventCountry "ENG"]
[SourceTitle "BritBase"]
[Source "John Saunders"]
[SourceDate "2015.01.01"]
[SourceVersion "1"]
[SourceVersionDate "2015.01.01"]
[SourceQuality "1"]

1. e4 c5 2. Nc3 Nc6 3. Bb5 Nd4 4. Nf3 Nxb5 5. Nxb5 a6 6. Nc3 g6 7. d4 Bg7 8. dxc5 Qa5 9. Bd2 Qxc5 10. Nd5 b5 11. Be3 Qc6 12. Nd4 Bxd4 13. Qxd4 f6 14. c4 e5 15. cxb5 axb5 16. Qd3 Kf7 17. Rc1 Qb7 18. Qb3 Kg7 19. Nc7 Ne7 20. Nxa8 Qxa8 21. f3 Nc6 22. O-O Bb7 23. Rfd1 1-0

[Event "Hampshire Open"]
[Site "Eastleigh"]
[Date "2014.11.09"]
[Round "6"]
[White "Fowler, David"]
[Black "Gill, Oliver"]
[Result "1/2-1/2"]
[WhiteElo "1984"]
[BlackElo "2152"]
[PlyCount "82"]
[EventDate "2014.11.07"]
[EventType "swiss"]
[EventRounds "6"]
[EventCountry "ENG"]
[SourceTitle "BritBase"]
[Source "John Saunders"]
[SourceDate "2015.01.01"]
[SourceVersion "1"]
[SourceVersionDate "2015.01.01"]
[SourceQuality "1"]

1. d4 Nc6 2. Nf3 d5 3. c4 Bg4 4. cxd5 Bxf3 5. gxf3 Qxd5 6. e3 e6 7. Nc3 Qh5 8. Bd2 O-O-O 9. f4 Qxd1+ 10. Kxd1 Nge7 11. Kc2 h6 12. h4 h5 13. Ne4 Nf5 14. Bc3 Be7 15. Ng5 Rhf8 16. Be2 g6 17. Rac1 Bxg5 18. fxg5 Rd7 19. Bf3 Nce7 20. Bb4 Rfd8 21. Bxe7 Rxe7 22. Be4 c6 23. b4 Kc7 24. Bxf5 exf5 25. Kd3 Kb6 26. Rc5 Rd5 27. Kc4 Rxc5+ 28. dxc5+ Kc7 29. Rd1 b5+ 30. Kc3 Re6 31. Rd4 Re7 32. Kd3 Rd7 33. Rxd7+ Kxd7 34. Kd4 Ke6 35. f3 f6 36. f4 fxg5 37. fxg5 Kf7 38. Ke5 Ke7 39. e4 fxe4 40. Kxe4 Kf7 41. Ke3 Ke7 1/2-1/2

[Event "Hampshire Open"]
[Site "Eastleigh"]
[Date "2014.11.09"]
[Round "6"]
[White "Willett, Greg Murray"]
[Black "Smith, Stephen J"]
[Result "0-1"]
[WhiteElo "1720"]
[BlackElo "1880"]
[PlyCount "76"]
[EventDate "2014.11.07"]
[EventType "swiss"]
[EventRounds "6"]
[EventCountry "ENG"]
[SourceTitle "BritBase"]
[Source "John Saunders"]
[SourceDate "2015.01.01"]
[SourceVersion "1"]
[SourceVersionDate "2015.01.01"]
[SourceQuality "1"]

1. c4 Nf6 2. g3 c5 3. Bg2 Nc6 4. Nf3 g6 5. d4 cxd4 6. Nxd4 Nxd4 7. Qxd4 Bg7 8. O-O O-O 9. Nc3 d6 10. e4 Be6 11. Qd3 Rc8 12. b3 Nd7 13. Be3 Ne5 14. Qc2 a6 15. Rad1 b5 16. cxb5 axb5 17. Qd2 Rxc3 18. Kh1 Rc8 19. f4 Ng4 20. Bg1 Qc7 21. h3 Nf6 22. Qe2 Qb8 23. f5 Bd7 24. g4 Bc6 25. g5 Nd7 26. h4 Qb7 27. Rf4 Be5 28. Rg4 Nc5 29. Bxc5 dxc5 30. Rd3 c4 31. Rh3 cxb3 32. axb3 Ra8 33. Bf3 Ra1+ 34. Kg2 Rfa8 35. Qd3 R8a2+ 36. Be2 Qd7 37. Qf3 Re1 38. fxg6 Raxe2+ 0-1

[Event "Hampshire Major"]
[Site "Eastleigh"]
[Date "2014.11.07"]
[Round "1"]
[White "Jones, Gareth A"]
[Black "Crouch, Timothy J"]
[Result "1-0"]
[WhiteElo "1864"]
[BlackElo "1616"]
[PlyCount "73"]
[EventDate "2014.11.07"]
[EventType "swiss"]
[EventRounds "6"]
[EventCountry "ENG"]
[SourceTitle "BritBase"]
[Source "John Saunders"]
[SourceDate "2015.01.03"]
[SourceVersion "1"]
[SourceVersionDate "2015.01.03"]
[SourceQuality "1"]

1. Nf3 d5 2. g3 Nf6 3. Bg2 Nbd7 4. d4 e6 5. O-O Be7 6. c4 O-O 7. b3 c6 8. Bb2 a6 9. a4 b6 10. Nbd2 a5 11. Re1 Rb8 12. Ne5 Nxe5 13. dxe5 Nd7 14. Rc1 Bb4 15. Rf1 Nc5 16. Bc3 Bxc3 17. Rxc3 d4 18. Rc1 Bb7 19. Nf3 Qc7 20. Qc2 Nd7 21. Nxd4 Nxe5 22. c5 Rfd8 23. e3 Ba6 24. Rfd1 b5 25. f4 Ng4 26. Qe2 Nf6 27. Nxc6 Rxd1+ 28. Rxd1 Re8 29. axb5 Bb7 30. Qd2 Nd5 31. Bxd5 exd5 32. Qxd5 Bxc6 33. Qxc6 Qe7 34. e4 g6 35. Rd7 Qxe4 36. Qxe4 Rxe4 37. c6 1-0

[Event "Hampshire Major"]
[Site "Eastleigh"]
[Date "2014.11.07"]
[Round "1"]
[White "Maund, Barry"]
[Black "Dore, Alexandre"]
[Result "1-0"]
[WhiteElo "1672"]
[BlackElo "1856"]
[PlyCount "70"]
[EventDate "2014.11.07"]
[EventType "swiss"]
[EventRounds "6"]
[EventCountry "ENG"]
[SourceTitle "BritBase"]
[Source "John Saunders"]
[SourceDate "2015.01.03"]
[SourceVersion "1"]
[SourceVersionDate "2015.01.03"]
[SourceQuality "1"]

1. d4 e6 2. Nf3 d5 3. e3 Nf6 4. Bd3 c5 5. c3 Nc6 6. Nbd2 c4 7. Bc2 Be7 8. O-O O-O 9. Re1 b5 10. e4 a5 11. e5 Nd7 12. Nf1 b4 13. Ng3 Nb6 14. h4 f6 15. exf6 Bxf6 16. Bg5 Bd7 17. Nh5 Qc7 18. Bxf6 gxf6 19. Qd2 Qd8 20. Re2 Qe8 21. Qh6 Qf7 22. Nxf6+ Kh8 23. Nxh7 Qg7 24. Qxg7+ Kxg7 25. Nxf8 Rxf8 26. Ne5 Nxe5 27. Rxe5 Kf6 28. Rae1 Re8 29. f4 Ba4 30. b3 Bb5 31. f5 Nd7 32. Rxe6+ Rxe6 33. Rxe6+ Kf7 34. cxb4 axb4 35. Rd6 Nf6 1-0

[Event "Hampshire Major"]
[Site "Eastleigh"]
[Date "2014.11.07"]
[Round "1"]
[White "Matthew, Ian G"]
[Black "Osborne, Keith C"]
[Result "1-0"]
[WhiteElo "1760"]
[BlackElo "1648"]
[PlyCount "37"]
[EventDate "2014.11.07"]
[EventType "swiss"]
[EventRounds "6"]
[EventCountry "ENG"]
[SourceTitle "BritBase"]
[Source "John Saunders"]
[SourceDate "2015.01.03"]
[SourceVersion "1"]
[SourceVersionDate "2015.01.03"]
[SourceQuality "1"]

1. e4 c5 2. Nf3 Nc6 3. d4 cxd4 4. Nxd4 e6 5. c4 a6 6. Nc3 Bb4 7. a3 Bxc3+ 8. bxc3 Nge7 9. Bf4 Qa5 10. Nb3 Qxc3+ 11. Bd2 Qe5 12. Qc2 f5 13. Bc3 Qxe4+ 14. Qxe4 fxe4 15. Bxg7 Rg8 16. Bc3 e5 17. Nc5 b6 18. Nxe4 Nf5 19. Nf6+ 1-0

[Event "Hampshire Major"]
[Site "Eastleigh"]
[Date "2014.11.07"]
[Round "1"]
[White "Armorgie, Jack"]
[Black "Samuels, Henry Alexander"]
[Result "1/2-1/2"]
[WhiteElo "1640"]
[BlackElo "1752"]
[PlyCount "88"]
[EventDate "2014.11.07"]
[EventType "swiss"]
[EventRounds "6"]
[EventCountry "ENG"]
[SourceTitle "BritBase"]
[Source "John Saunders"]
[SourceDate "2015.01.03"]
[SourceVersion "1"]
[SourceVersionDate "2015.01.03"]
[SourceQuality "1"]

1. d4 d5 2. e3 Nf6 3. Bd3 e6 4. Nd2 Nbd7 5. f4 b6 6. Ngf3 Bb7 7. O-O Bd6 8. Ne5 Qe7 9. g4 O-O-O 10. g5 Ne8 11. Qh5 Bxe5 12. fxe5 f6 13. exf6 gxf6 14. gxf6 Nexf6 15. Qh3 Kb8 16. Nf3 e5 17. Bf5 Bc8 18. Bd2 e4 19. Ne1 Nf8 20. Ng2 Ng6 21. Bxc8 Rxc8 22. Be1 Rcf8 23. Bg3 Qd7 24. Qxd7 Nxd7 25. Nf4 Nxf4 26. Bxf4 Rhg8+ 27. Kh1 Rg6 28. Rf2 Kb7 29. Raf1 c5 30. c3 Kc6 31. Bg3 Rgf6 32. Kg2 Rxf2+ 33. Rxf2 Rxf2+ 34. Kxf2 Nf6 35. Bf4 Kd7 36. Kg3 cxd4 37. cxd4 Ke6 38. Be5 Kf5 39. Bxf6 Kxf6 40. Kf4 b5 41. b4 a6 42. a3 h6 43. h3 Ke6 44. Kg4 Kf6 1/2-1/2

[Event "Hampshire Major"]
[Site "Eastleigh"]
[Date "2014.11.07"]
[Round "1"]
[White "Foley, Phil T"]
[Black "Agostinelli, Dave"]
[Result "1/2-1/2"]
[WhiteElo "1736"]
[BlackElo "1624"]
[PlyCount "38"]
[EventDate "2014.11.07"]
[EventType "swiss"]
[EventRounds "6"]
[EventCountry "ENG"]
[SourceTitle "BritBase"]
[Source "John Saunders"]
[SourceDate "2015.01.03"]
[SourceVersion "1"]
[SourceVersionDate "2015.01.03"]
[SourceQuality "1"]

1. e4 b6 2. d4 Bb7 3. Nc3 e6 4. Bd3 Bb4 5. Nf3 Nf6 6. e5 Ne4 7. Bxe4 Bxc3+ 8. bxc3 Bxe4 9. O-O h6 10. Re1 Bb7 11. Ba3 d6 12. c4 O-O 13. Qd3 Re8 14. Rab1 c5 15. dxc5 dxc5 16. Rbd1 Qxd3 17. Rxd3 Nc6 18. Nd2 Ba6 19. Re4 Bb7 1/2-1/2

[Event "Hampshire Major"]
[Site "Eastleigh"]
[Date "2014.11.07"]
[Round "1"]
[White "Stone, Mark"]
[Black "Moore, Gillian A"]
[Result "0-1"]
[WhiteElo "1624"]
[BlackElo "1736"]
[PlyCount "80"]
[EventDate "2014.11.07"]
[EventType "swiss"]
[EventRounds "6"]
[EventCountry "ENG"]
[SourceTitle "BritBase"]
[Source "John Saunders"]
[SourceDate "2015.01.03"]
[SourceVersion "1"]
[SourceVersionDate "2015.01.03"]
[SourceQuality "1"]

1. e4 Nf6 2. e5 Nd5 3. d4 d6 4. Nf3 dxe5 5. Nxe5 c6 6. c4 Nb4 7. a3 Qxd4 8. Nxf7 Qe4+ 9. Be2 Nc2+ 10. Kf1 Nxa1 11. Nc3 Qc2 12. Nxh8 Qxd1+ 13. Bxd1 Bf5 14. g4 Bd3+ 15. Kg2 g6 16. Ba4 Bxc4 17. Bg5 Nb3 18. Re1 Nd7 19. Re4 b5 20. Bxb3 Bxb3 21. h4 e5 22. Re3 Bd5+ 23. Kg1 Bg7 24. Nxg6 hxg6 25. h5 gxh5 26. gxh5 Kf7 27. f4 e4 28. Nxe4 Bd4 29. Nd6+ Kg8 30. Kf2 Bxe3+ 31. Kxe3 Kh7 32. f5 Rf8 33. Kf4 Nf6 34. h6 Ng8 35. b4 Nxh6 36. Bxh6 Kxh6 37. Ke5 Kg5 38. Nb7 Rxf5+ 39. Kd4 Rf3 40. Kc5 Rxa3 0-1

[Event "Hampshire Major"]
[Site "Eastleigh"]
[Date "2014.11.07"]
[Round "1"]
[White "Gowers, Robert"]
[Black "Webb, John"]
[Result "0-1"]
[WhiteElo "1720"]
[BlackElo "1616"]
[PlyCount "66"]
[EventDate "2014.11.07"]
[EventType "swiss"]
[EventRounds "6"]
[EventCountry "ENG"]
[SourceTitle "BritBase"]
[Source "John Saunders"]
[SourceDate "2015.01.03"]
[SourceVersion "1"]
[SourceVersionDate "2015.01.03"]
[SourceQuality "1"]

1. d4 Nf6 2. Nc3 g6 3. e4 d6 4. Nf3 Bg7 5. Bg5 O-O 6. Qd2 a6 7. O-O-O b5 8. Bh6 b4 9. Bxg7 bxc3 10. Qxc3 Kxg7 11. e5 Nd5 12. Qd2 Be6 13. h4 Bg4 14. Be2 c6 15. Ng5 Bxe2 16. Qxe2 h6 17. Ne4 f5 18. exf6+ exf6 19. h5 g5 20. g3 f5 21. Nd2 Ra7 22. a3 Re7 23. Qd3 Qd7 24. c4 Nf6 25. f3 Ng8 26. Rdf1 Rfe8 27. d5 Re3 28. Qd4+ Kh7 29. Rhg1 c5 30. Qxe3 Rxe3 31. Rf2 Qe7 32. Rgf1 Re1+ 33. Kc2 Rxf1 0-1

[Event "Hampshire Major"]
[Site "Eastleigh"]
[Date "2014.11.07"]
[Round "1"]
[White "Snook Lumb, Chris"]
[Black "Williams, Robin"]
[Result "1-0"]
[WhiteElo "1592"]
[BlackElo "1720"]
[PlyCount "69"]
[EventDate "2014.11.07"]
[EventType "swiss"]
[EventRounds "6"]
[EventCountry "ENG"]
[SourceTitle "BritBase"]
[Source "John Saunders"]
[SourceDate "2015.01.03"]
[SourceVersion "1"]
[SourceVersionDate "2015.01.03"]
[SourceQuality "1"]

1. c4 e5 2. g3 Nc6 3. Bg2 f5 4. Nc3 Nf6 5. e3 Be7 6. Nge2 O-O 7. b3 d6 8. O-O Be6 9. Nd5 e4 10. Nef4 Qd7 11. Nxe6 Qxe6 12. Nxc7 Qe5 13. d4 exd3 14. Ba3 Rac8 15. Nd5 Nxd5 16. Bxd5+ Kh8 17. Qxd3 Bf6 18. Rad1 Rfd8 19. Rd2 Qe8 20. Qxf5 b6 21. Be4 Qg8 22. Rxd6 Rxd6 23. Bxd6 Rd8 24. Bd5 Qe8 25. Bc7 Ne7 26. Qh3 Rd7 27. Be4 g6 28. Qe6 Rxc7 29. Qxf6+ Kg8 30. Rd1 Rc8 31. Qe6+ Kf8 32. Rd7 Qf7 33. Rxe7 Qxe7 34. Qxc8+ Kf7 35. Qb7 1-0

[Event "Hampshire Major"]
[Site "Eastleigh"]
[Date "2014.11.07"]
[Round "1"]
[White "Hewitt, Robert"]
[Black "Sellen, John R"]
[Result "1-0"]
[WhiteElo "1704"]
[BlackElo "1576"]
[PlyCount "109"]
[EventDate "2014.11.07"]
[EventType "swiss"]
[EventRounds "6"]
[EventCountry "ENG"]
[SourceTitle "BritBase"]
[Source "John Saunders"]
[SourceDate "2015.01.03"]
[SourceVersion "1"]
[SourceVersionDate "2015.01.03"]
[SourceQuality "1"]

1. e4 Nf6 2. e5 Nd5 3. d4 d6 4. c4 Nb6 5. f4 g6 6. Nf3 Bg7 7. Be2 O-O 8. O-O Be6 9. Qc2 Bf5 10. Qb3 Qc8 11. Nc3 dxe5 12. fxe5 c6 13. Be3 Na6 14. Rad1 Nc7 15. Bd3 Rb8 16. a4 Bxd3 17. Rxd3 Nd7 18. Ng5 Qe8 19. Bd2 h6 20. Nge4 Ne6 21. Ne2 Kh7 22. Rh3 f5 23. N4g3 Rf7 24. Qc3 Rf8 25. Nf4 Nxf4 26. Bxf4 Rd8 27. Qe3 Rh8 28. Bxh6 Kg8 29. Nxf5 gxf5 30. Qg5 Rh7 31. Rxf5 Nf6 32. exf6 exf6 33. Rxf6 Rd6 34. Bxg7 Rxg7 35. Qf5 Qe1+ 36. Qf1 Qxf1+ 37. Rxf1 Rxd4 38. b3 Rd2 39. Rf2 Rd1+ 40. Rf1 Rd2 41. Rg3 Rxg3 42. hxg3 Kg7 43. Kh2 Rd3 44. Rf3 Rd6 45. Kh3 Rd2 46. Re3 Kf7 47. Rf3+ Kg7 48. Rf4 Rd3 49. Rf3 Rd2 50. Kh2 Rd6 51. Kg1 Rd2 52. Kf1 Rd6 53. Ke2 Rd8 54. Rd3 Re8+ 55. Re3 1-0

[Event "Hampshire Major"]
[Site "Eastleigh"]
[Date "2014.11.08"]
[Round "2"]
[White "Maund, Barry"]
[Black "Matthew, Ian G"]
[Result "1/2-1/2"]
[WhiteElo "1672"]
[BlackElo "1760"]
[PlyCount "79"]
[EventDate "2014.11.07"]
[EventType "swiss"]
[EventRounds "6"]
[EventCountry "ENG"]
[SourceTitle "BritBase"]
[Source "John Saunders"]
[SourceDate "2015.01.03"]
[SourceVersion "1"]
[SourceVersionDate "2015.01.03"]
[SourceQuality "1"]

1. d4 d5 2. Nf3 Nc6 3. e3 Bf5 4. c4 e6 5. cxd5 Qxd5 6. Nc3 Bb4 7. Bd2 Bxc3 8. Bxc3 Nf6 9. Bd3 Bxd3 10. Qxd3 Ne4 11. O-O f5 12. Rfd1 O-O 13. Nd2 Nd6 14. b3 Rf6 15. Nc4 Rg6 16. Qf1 Ne4 17. Bb2 f4 18. Ne5 Rf6 19. Nxc6 bxc6 20. f3 fxe3 21. Re1 Nd2 22. Qe2 Rxf3 23. gxf3 Nxf3+ 24. Kf1 Nxd4 25. Qg2 Rf8+ 26. Kg1 Qxg2+ 27. Kxg2 Rf2+ 28. Kh3 Rxb2 29. Rad1 c5 30. Rxe3 Rxa2 31. Rc3 Nb5 32. Rxc5 a6 33. Re5 Ra3 34. Rd3 Kf7 35. Re4 Nd6 36. Ra4 Rxa4 37. bxa4 Ke7 38. Rb3 Kd7 39. Kg4 Kc6 40. Rc3+ 1/2-1/2

[Event "Hampshire Major"]
[Site "Eastleigh"]
[Date "2014.11.08"]
[Round "2"]
[White "Webb, John"]
[Black "Hewitt, Robert"]
[Result "1/2-1/2"]
[WhiteElo "1616"]
[BlackElo "1704"]
[PlyCount "84"]
[EventDate "2014.11.07"]
[EventType "swiss"]
[EventRounds "6"]
[EventCountry "ENG"]
[SourceTitle "BritBase"]
[Source "John Saunders"]
[SourceDate "2015.01.03"]
[SourceVersion "1"]
[SourceVersionDate "2015.01.03"]
[SourceQuality "1"]

1. c4 c6 2. Nf3 d5 3. cxd5 cxd5 4. d4 Nf6 5. g3 Bf5 6. Bg2 e6 7. a3 Be7 8. O-O Qb6 9. Nc3 O-O 10. Nh4 Bg4 11. Nf3 Nc6 12. Na4 Qb5 13. Nc3 Qc4 14. e3 Rac8 15. Qa4 Qxa4 16. Nxa4 Na5 17. Nd2 b5 18. Nc5 Bxc5 19. dxc5 Nc4 20. b4 a5 21. e4 Nxd2 22. Bxd2 Nxe4 23. Bxe4 dxe4 24. Bf4 a4 25. Rac1 Rc6 26. Rc3 Rd8 27. Rfc1 Rd3 28. Bd6 f5 29. h4 Kf7 30. Kg2 Bf3+ 31. Kg1 Kf6 32. Kf1 h6 33. Ke1 g5 34. hxg5+ hxg5 35. Rxd3 exd3 36. Kd2 Be2 37. Rh1 Rc8 38. Rh6+ Kf7 39. Be5 Bf3 40. Kxd3 Rd8+ 41. Bd6 Bd5 42. Ke3 Kg7 1/2-1/2

[Event "Hampshire Major"]
[Site "Eastleigh"]
[Date "2014.11.08"]
[Round "2"]
[White "Conway, Alex"]
[Black "Snook Lumb, Chris"]
[Result "1-0"]
[WhiteElo "1848"]
[BlackElo "1592"]
[PlyCount "106"]
[EventDate "2014.11.07"]
[EventType "swiss"]
[EventRounds "6"]
[EventCountry "ENG"]
[SourceTitle "BritBase"]
[Source "John Saunders"]
[SourceDate "2015.01.03"]
[SourceVersion "1"]
[SourceVersionDate "2015.01.03"]
[SourceQuality "1"]

1. e4 c5 2. Nc3 Nc6 3. f4 d6 4. Bb5 Bd7 5. Nf3 Nf6 6. O-O e6 7. Bxc6 Bxc6 8. d3 Qc7 9. a4 h5 10. Qe1 Be7 11. Bd2 O-O-O 12. Nb5 Bxb5 13. axb5 b6 14. b4 Ng4 15. h3 Nh6 16. bxc5 dxc5 17. Ne5 Bf6 18. Bc3 Bxe5 19. Bxe5 Qd7 20. Bxg7 Rh7 21. Bf6 Rg8 22. Qe2 Rg6 23. e5 Nf5 24. Qe4 Kb8 25. Rf2 Qxb5 26. c4 Qd7 27. Rfa2 Ng3 28. Qf3 a5 29. Rb1 Ka7 30. Bd8 Qd4+ 31. Kh2 Nf1+ 32. Qxf1 Qxd8 33. Qf3 f5 34. Qc6 Qc7 35. Qb5 Rd7 36. Rba1 Qb7 37. Qb3 Rdg7 38. Rg1 Rg3 39. Qd1 h4 40. d4 Rd7 41. Rd2 Qe4 42. dxc5 Rxd2 43. Qxd2 Rd3 44. cxb6+ Kxb6 45. Qf2+ Rd4 46. Rf1 Kc6 47. Qxh4 Qxe5 48. Qg3 Qe2 49. Re1 Qxc4 50. Qe3 Kd6 51. Qe5+ Ke7 52. Qxf5 Rxf4 53. Qxa5 Qc7 1-0